000 00544nam a22002057a 4500
005 20220929145125.0
008 190119b xxu||||| |||| 00| 0 eng d
020 _a9788120339781
_cRs. 375.00
040 _aLoreto College
041 _aEnglish
082 _a150
_bSHE
100 _aShergill, Hardeep Kaur
245 _aPsychology
_cHardeep Kaur Shergill
_bPart I
260 _aDelhi
_bPHI Learning
_c2016
300 _a494 p.; Part I
_b24 cm.
504 _aIncludes index
650 _aPsychology
850 _aLCLIB
942 _cBK
999 _c41928
_d92407